000 00528nam a2200217Ia 4500
003 OSt
005 20220918192426.0
006 a|||||r|||| 00| 0
007 ta
008 220917b |||||||| |||| 00| 0 eng d
024 _a68,312
037 _cTextual
040 _aARTS
_cARTS
_beng
041 _2eng
_aeng
082 _aR3xM63:1, D9
100 _aMunsterberg Hugo
_95871
245 0 _aEternal values
260 _c1909
942 _hR3xM63:1, D9
_cTEXL
_2CC
999 _c194483
_d194483